000 00468nam a2200181Ia 4500
008 240925s9999 xx 000 0 und d
020 _a97800199406104
082 _a658.421 PIC
100 _aPichler, Hanns J.
245 0 _aNew Frontiers of Entrepreneurship
250 _a1st
260 _aKarachi:
_bOxford University Press
_c,2017.
300 _a357p.
_b0
_fOriginal
500 _aIncludes Index
600 _aManagement
650 _aManagement
942 _cBK
999 _c16351
_d16351